[Event "FSIMA August 2012"]
[Site "Budapest HUN"]
[Date "2012.08.04"]
[Round "1.3"]
[White "Kojima,S"]
[Black "Resika,N"]
[Result "1-0"]
[WhiteElo "2282"]
[BlackElo "2149"]

1.Nf3 g6 2.e4 Bg7 3.d4 d6 4.c4 Nf6 5.Nc3 O-O 6.Be2 Na6 7.O-O e5 8.Be3 Ng4
9.Bg5 Qe8 10.Re1 exd4 11.Nd5 f6 12.Bf4 d3 13.Qxd3 Ne5 14.Qc2 Qf7 15.Rad1 c6
16.Ne3 Qe7 17.Nd4 Nc5 18.Bg3 a5 19.f4 Nf7 20.Bf3 Qc7 21.Kh1 Bd7 22.b3 Rfe8
23.h3 Re7 24.Nf1 Rae8 25.Re2 Qb6 26.Bf2 Qc7 27.Kh2 Bc8 28.Nd2 Ne5 29.fxe5 fxe5
30.Nxc6 bxc6 31.Bxc5 dxc5 32.Re3 Rd8 33.Nb1 Rd4 34.Nc3 Bh6 35.Red3 Rf7 36.Ne2 Be6
37.Nxd4 exd4+ 38.Kh1 Be3 39.Qe2 Bf4 40.Bg4 Bxg4 41.Qxg4 Be3 42.Qe6 Kg7 43.e5 Qe7
44.Qd6 Qxd6 45.exd6 Rd7 46.g4 Bf4 47.Re1 Bxd6 48.Kg2 g5 49.Re8 Kf6 50.Kf3 Kf7
51.Rc8 Bc7 52.Ke2 Re7+ 53.Kd1 Ke6 54.Rf3 Kd7 55.Rcf8 Bf4 56.Ra8 Kd6 57.Rxa5 h5
58.gxh5 Rh7 59.Ra8 Rxh5 60.a4 Rh7 61.a5 Ke5 62.a6 Re7 63.a7 Ke4 64.Ke2 Be3
65.Rff8 d3+ 66.Kd1  1-0

[Event "CEG vs Legends 2012"]
[Site "Geneve SUI"]
[Date "2012.08.04"]
[Round "1"]
[White "Rindlisbacher,L"]
[Black "Hort,V"]
[Result "1/2-1/2"]
[WhiteElo "2304"]
[BlackElo "2475"]

1.d4 Nf6 2.c4 g6 3.Nc3 Bg7 4.e4 d6 5.Nf3 O-O 6.Be2 e5 7.O-O Qe8 8.dxe5 dxe5
9.Nd5 Na6 10.Nxf6+ Bxf6 11.Be3 Qe7 12.a3 Nc5 13.Qc2 Bg4 14.Ne1 Bxe2 15.Bxc5 Qxc5
16.Qxe2 Rfd8 17.Nc2 Rd7 18.Rfd1 Rad8 19.Rd5 Qe7 20.Rad1 c6 21.R5d3 Bg5 22.Ne1 Kg7
23.Rxd7 Rxd7 24.Rxd7 Qxd7 25.Qd3 Qe6 26.Nf3 Be7 27.h3 f6 28.Kf1 a6 29.b4 c5
30.b5 axb5 31.cxb5 c4 32.Qc3 Qd7 33.Qxc4 Qd1+ 34.Ne1 Bxa3 35.Qc7+ Kh6 36.Qc3 Be7
37.g3 Qb1 38.Qd3 Qc1 39.Ke2 Bc5 40.Nc2 b6 41.Ne3 Qb2+ 42.Kf3 Qd4 43.Qb3 Kg7
44.Qe6 Qd3 45.Qd5 Qxd5 46.Nxd5 Kf7 47.Ke2 Ke6 48.f3 f5 49.g4 h5 50.Kd3 fxg4
51.fxg4 hxg4 52.hxg4 Bg1 53.Kc3 Bf2  1/2-1/2

[Event "Politiken Cup 2012"]
[Site "Helsingor DEN"]
[Date "2012.08.04"]
[Round "9.41"]
[White "Van Heirzeele,D"]
[Black "Kristensen,Bjarke Hautop"]
[Result "1/2-1/2"]
[WhiteElo "2145"]
[BlackElo "1824"]

1.d4 Nf6 2.c4 g6 3.Nc3 Bg7 4.e4 d6 5.Nf3 O-O 6.Be2 e5 7.O-O Nbd7 8.Qc2 Nh5
9.Bg5 Bf6 10.Bxf6 Qxf6 11.Nd5 Qd8 12.Rfd1 c6 13.Ne3 Qe7 14.g3 a5 15.b3 Ng7
16.Nh4  1/2-1/2

[Event "Wasselonne Open 2012"]
[Site "Wasselonne FRA"]
[Date "2012.08.04"]
[Round "6.3"]
[White "Bellahcene,B"]
[Black "Yankelevich,L"]
[Result "1/2-1/2"]
[WhiteElo "2390"]
[BlackElo "2160"]

1.Nf3 Nf6 2.c4 g6 3.Nc3 Bg7 4.d4 O-O 5.e4 d6 6.Be2 Nbd7 7.O-O e5 8.Re1 Re8
9.Bf1 c6 10.Qc2 Qc7 11.Rb1 exd4 12.Nxd4 d5 13.cxd5 Ng4 14.Nf3 cxd5 15.h3 Nge5
16.Nd4 Ng4 17.hxg4 Bxd4 18.Rd1 Be5 19.f4 d4 20.fxe5 dxc3 21.Qxc3 Qxc3 22.bxc3 Nxe5
23.g5 Nc6 24.Bb5 Bg4 25.Bxc6 bxc6 26.Rd4 c5 27.Rc4 Re5 28.Bf4 Be6 29.Ra4 Bd7
30.Rxa7 Rxa7 31.Bxe5 Ra8 32.Rb7 Be6 33.a4 Kf8 34.Bd6+ Ke8 35.Bxc5 Rxa4 36.Bd4 Kd8
37.Rb8+ Kc7 38.Rh8 Ra2 39.Rxh7 Re2 40.Rh4 Kc6 41.Kh2 Kb5 42.Kg3 Kc4 43.Kf3 Kd3
44.Bf2 Ra2 45.Rh8 Kxc3 46.Rd8 Kc4 47.g3 Ra1 48.Rd4+ Kc3 49.Rd6 Rf1 50.Ke3 Rb1
51.Rc6+ Bc4 52.Rc7 Rd1 53.g4 Rb1 54.Bg3 Rb5 55.Be1+ Kb3 56.Kf4 Be6 57.Bf2 Kb4
58.Bd4 Bc4 59.Bf6 Be6 60.Ke3 Ka5 61.Bd8 Ka6 62.Kd4 Rb7 63.Rc6+ Kb5 64.Rc5+ Kb4
65.Ba5+ Ka4 66.Bd2 Bxg4 67.Kc3 Be6 68.Bf4 Rb3+ 69.Kd4 Rb4+ 70.Ke5 Rb5 71.Rxb5  1/2-1/2

[Event "FSFMA2 August 2012"]
[Site "Budapest HUN"]
[Date "2012.08.05"]
[Round "2.1"]
[White "Kovacs,Art"]
[Black "Jamals,H"]
[Result "1/2-1/2"]
[WhiteElo "2001"]
[BlackElo "2177"]

1.d4 Nf6 2.Nf3 g6 3.c4 Bg7 4.Nc3 O-O 5.e4 d6 6.Be2 e5 7.dxe5 dxe5 8.Qxd8 Rxd8
9.Bg5 Re8 10.Nd5 Nxd5 11.cxd5 c6 12.Bc4 cxd5 13.Bxd5 Na6 14.Ke2 Nb4 15.Bb3 Bd7
16.Rhc1 Rac8 17.Nd2 b5 18.a3 Nc6 19.Nf3 Bg4 20.Be3 Nd4+ 21.Bxd4 exd4 22.Kd3 Bxf3
23.gxf3 Be5 24.h3 a5 25.Bd5 Red8 26.Rc6  1/2-1/2

[Event "Politiken Cup 2012"]
[Site "Helsingor DEN"]
[Date "2012.08.05"]
[Round "10.9"]
[White "Kristiansen,Jen"]
[Black "Fossan,P"]
[Result "1-0"]
[WhiteElo "2426"]
[BlackElo "2255"]

1.d4 Nf6 2.Nf3 g6 3.c4 Bg7 4.Nc3 O-O 5.e4 d6 6.Be2 e5 7.d5 Na6 8.Nd2 h5 9.a3 Bh6
10.b4 Nh7 11.O-O h4 12.Nf3 Bxc1 13.Qxc1 Bg4 14.h3 Bxf3 15.Bxf3 Qg5 16.Be2 Qf4
17.c5 dxc5 18.Bxa6 Qxc1 19.Rfxc1 cxb4 20.axb4 bxa6 21.Rxa6 Rfb8 22.b5 Kg7
23.Rca1 Rb7 24.R1a4 Nf6 25.Rc4 Ne8 26.Rac6 Rab8 27.R4c5 Rb6 28.f4 exf4 29.e5 Kh6
30.Kf2 Kg5 31.d6 Rxc6 32.bxc6 Kf5 33.d7 Ng7 34.Rb5 Ra8 35.Nd5 Ne6 36.Rb7 Nc5
37.Rxc7 Rb8 38.Rb7 Rxb7 39.d8=Q  1-0

[Event "Politiken Cup 2012"]
[Site "Helsingor DEN"]
[Date "2012.08.05"]
[Round "10.10"]
[White "Larsen,Pet"]
[Black "Bekker Jensen,S"]
[Result "0-1"]
[WhiteElo "2206"]
[BlackElo "2394"]

1.d4 Nf6 2.c4 g6 3.Nc3 Bg7 4.e4 d6 5.Nf3 O-O 6.Be2 Na6 7.O-O e5 8.d5 Nc5
9.Nd2 a5 10.Rb1 Nfd7 11.b3 f5 12.a3 Nf6 13.b4 Ncxe4 14.Ndxe4 fxe4 15.Be3 Nh5
16.Bxh5 gxh5 17.Nxe4 Bf5 18.f3 axb4 19.axb4 Qe8 20.Qe1 Qg6 21.Qh4 Ra3 22.Rbe1 Rb3
23.b5 Bxe4 24.fxe4 Rc3 25.Rxf8+ Bxf8 26.Rf1 Rxc4 27.Qd8 Qg7 28.Rf6 Qe7 29.Rxf8+ Qxf8
30.Qg5+ Kh8 31.Qh4 h6 32.Bg5 hxg5 33.Qxh5+ Kg7 34.Qxg5+ Kf7 35.Qf5+ Ke7  0-1

[Event "113th US Open 2012"]
[Site "Vancouver USA"]
[Date "2012.08.05"]
[Round "2"]
[White "Mac Farland,J"]
[Black "Haring,Ru"]
[Result "1-0"]
[WhiteElo "2170"]
[BlackElo "1930"]

1.d4 Nf6 2.Nf3 g6 3.c4 Bg7 4.Nc3 O-O 5.e4 d6 6.Be2 e5 7.Be3 Ng4 8.Bg5 f6
9.Bh4 g5 10.Bg3 Nh6 11.dxe5 fxe5 12.O-O Nc6 13.Qd5+ Kh8 14.c5 Nd4 15.cxd6 c6
16.Qc4 Be6 17.Qd3 Nf7 18.Rfd1 Qa5 19.Rac1 Rad8 20.Qe3 Nxf3+ 21.Qxf3 g4 22.Qd3 Rxd6
23.Qc2 Rfd8 24.Rxd6 Rxd6 25.Rd1 Qd8 26.Rxd6 Qxd6 27.Qd1 Qb4 28.Bxg4 Bxg4
29.Qxg4 Nd6 30.Qe2 Nc4 31.Nd1 Nd6 32.f3 Nb5 33.Be1 Qa4 34.Nc3 Qd4+ 35.Qf2 Nd6
36.Qxd4 exd4 37.Nb1 c5 38.b3 b5 39.Bg3  1-0

[Event "16th HZ Open"]
[Site "Vlissingen NED"]
[Date "2012.08.05"]
[Round "2"]
[White "Wubs,H"]
[Black "Colijn,S"]
[Result "0-1"]
[WhiteElo "1936"]
[BlackElo "2220"]

1.d4 g6 2.c4 Bg7 3.Nc3 d6 4.e4 Nf6 5.Be2 O-O 6.Nf3 e5 7.d5 a5 8.O-O Na6 9.a3 Nc5
10.Qc2 a4 11.Nd2 Nfd7 12.b4 axb3 13.Nxb3 Nxb3 14.Qxb3 Nc5 15.Qc2 f5 16.Be3 Qh4
17.f3 Bd7 18.a4 b6 19.Ra3 Ra5 20.Rfa1 h5 21.Bd3 Kh7 22.Qd2 f4 23.Bxc5 dxc5
24.Nb5 Qd8 25.Be2 g5 26.h3 Rf6 27.Rf1 Rg6 28.Qd1 Bf6 29.Kh2 Kg7 30.Rg1 g4
31.fxg4 Bh4 32.gxh5 Bg3+ 33.Kh1 Qh4 34.Bf1 Bg4 35.Qc2 Qxh5 36.Nxc7 f3 37.Rxf3 Bxf3
38.gxf3 Qxf3+ 39.Bg2 Qf2 40.Qxf2 Bxf2 41.Rf1 Bh4 42.Ra1 Kf7 43.Kg1 Rf6 44.Ra3 Ra7
45.Nb5 Ra8 46.Rf3 Rxa4 47.Rxf6+ Bxf6 48.Kf2 Ke7 49.Bf1 Ra1 50.Be2 Bh4+ 51.Kf3 Rg1
52.Bd3 Rg3+ 53.Ke2 Bg5 54.Bc2 Rxh3 55.Nc7 Kd7 56.Ne6 Bh6 57.Ba4+ Ke7 58.Nc7 Re3+
59.Kd1 Rxe4 60.Bb5 Rd4+ 61.Ke2 e4 62.Na8 Rd2+ 63.Ke1 e3 64.Nxb6 Bg5  0-1

[Event "FSGM August 2012"]
[Site "Budapest HUN"]
[Date "2012.08.06"]
[Round "3.1"]
[White "Flumbort,A"]
[Black "Purnama,T"]
[Result "1/2-1/2"]
[WhiteElo "2508"]
[BlackElo "2384"]

1.d4 Nf6 2.c4 g6 3.Nc3 Bg7 4.e4 d6 5.Nf3 O-O 6.Be2 Na6 7.O-O e5 8.Be3 Qe8
9.dxe5 Ng4 10.Bg5 Nxe5 11.Nd4 c6 12.Qd2 Nc5 13.Rad1 Ne6 14.Nxe6 Bxe6 15.b3 f5
16.exf5 Bxf5 17.Rfe1 Qd7 18.Bh4 Rae8 19.Bg3 Bf6 20.Bf1 Nf7 21.Bd3 Rxe1+ 22.Rxe1 Re8
23.Rxe8+ Qxe8 24.Bxf5 gxf5 25.f3 Be5 26.Ne2 Qe7 27.Bf2 a6 28.Qd3 Qg5 29.h4 Qg6
30.Be3 Qh5 31.Bf2 f4 32.Nd4 Qg6 33.Qxg6+ hxg6  1/2-1/2

[Event "ch-POR 2012"]
[Site "Pampilhosa da Serra POR"]
[Date "2012.08.06"]
[Round "3.4"]
[White "Fernandes,Ant"]
[Black "Neves,P"]
[Result "1-0"]
[WhiteElo "2395"]
[BlackElo "2244"]

1.d4 Nf6 2.Nf3 g6 3.c4 Bg7 4.Nc3 d6 5.e4 O-O 6.Be2 Nbd7 7.O-O e5 8.Re1 c6
9.h3 exd4 10.Nxd4 Re8 11.Bd3 Nc5 12.Nb3 Nxd3 13.Qxd3 d5 14.cxd5 cxd5 15.Bg5 h6
16.Bxf6 Bxf6 17.exd5 Bf5 18.Qd2 Qd6 19.Nd4 Bd7 20.Ne4 Rxe4 21.Rxe4 Qxd5 22.Qf4 Bg7
23.Rae1 g5 24.Qf3 Bxd4 25.Re8+  1-0

[Event "21st Metro GM"]
[Site "Los Angeles USA"]
[Date "2012.08.07"]
[Round "8"]
[White "Molner,M"]
[Black "Bojkov,D"]
[Result "1-0"]
[WhiteElo "2491"]
[BlackElo "2556"]

1.d4 Nf6 2.c4 g6 3.Nc3 Bg7 4.e4 d6 5.Nf3 O-O 6.Be2 e5 7.O-O exd4 8.Nxd4 Re8
9.f3 c6 10.Bf4 Nh5 11.Be3 f5 12.Qd2 f4 13.Bf2 Be5 14.Rfd1 Qe7 15.Nc2 Nd7
16.Ne1 Nc5 17.b4 Ng3 18.hxg3 fxg3 19.Be3 Qh4 20.bxc5 dxc5 21.Bd3 Be6 22.Ne2 Rf8
23.Kf1 b6 24.Ng1 Qh2 25.a4 Rad8 26.a5 b5 27.Rac1 Rd4 28.cxb5 c4 29.bxc6 cxd3
30.Nxd3 Rxe4 31.Nxe5 Rxe5 32.c7 Qh4 33.Qd4 Qf6 34.Rc5 Rxc5 35.Qxf6 Bc4+ 36.Ne2 Bxe2+
37.Kxe2 Rc2+ 38.Rd2  1-0

[Event "Jiraskuv Memorial GM 2012"]
[Site "Rakovnik CZE"]
[Date "2012.08.07"]
[Round "1"]
[White "Lalic,B"]
[Black "Manik,M"]
[Result "1/2-1/2"]
[WhiteElo "2481"]
[BlackElo "2406"]

1.d4 Nf6 2.c4 g6 3.Nc3 Bg7 4.e4 d6 5.Nf3 O-O 6.Be2 e5 7.O-O exd4 8.Nxd4 Re8
9.f3 c6 10.Kh1 Nbd7 11.Bg5 Qb6 12.Nb3 a5 13.Qd2 a4 14.Be3 Qd8  1/2-1/2

[Event "16th Izmailov Mem"]
[Site "Tomsk RUS"]
[Date "2012.08.07"]
[Round "1.2"]
[White "Baglaev,E"]
[Black "Kokarev,Dm"]
[Result "0-1"]
[WhiteElo "2088"]
[BlackElo "2608"]

1.d4 Nf6 2.Nf3 g6 3.c4 Bg7 4.Nc3 O-O 5.e4 d6 6.Be2 Na6 7.O-O e5 8.d5 Nc5
9.Qc2 a5 10.b3 Nh5 11.g3 f5 12.Nd2 Nf6 13.f3 Bh6 14.exf5 Be3+ 15.Kh1 Bxf5
16.Nde4 Bd4 17.Nxf6+ Qxf6 18.Qd2 e4 19.Bb2 e3 20.Qe1 Nd3 21.Bxd3 Bxd3 22.Ne4 Bxe4
23.Bxd4 Bxf3+ 24.Rxf3 Qxf3+ 25.Kg1 a4 26.b4 Rae8 27.Rc1 Re4 28.Ba1 e2 29.c5 Qe3+  0-1

[Event "II Brazil Maringa Open"]
[Site "Maringa BRA"]
[Date "2012.08.09"]
[Round "2.7"]
[White "Abdalla,L"]
[Black "Tavares,Imyra Cecilia"]
[Result "1-0"]
[WhiteElo "2338"]
[BlackElo "1929"]

1.d4 g6 2.c4 Bg7 3.Nf3 Nf6 4.Nc3 d6 5.e4 O-O 6.Be2 e5 7.O-O exd4 8.Nxd4 Re8
9.f3 c6 10.Nc2 Qe7 11.Bf4 Rd8 12.Qd2 d5 13.cxd5 cxd5 14.exd5 Be6 15.d6 Qd7
16.Rad1 Nc6 17.Bg5 Re8 18.Kh1 Rac8 19.Rfe1 a6 20.Na4 Nd5 21.Ne3 Ncb4 22.a3 Qxa4
23.axb4 Nxe3 24.Qxe3 Qxb4 25.Qd2 Qxd2 26.Rxd2 Bd7 27.Red1 Re6 28.Kg1 Rce8
29.Be7 Rc8 30.b3 b5 31.Ra2 a5 32.f4 Rc3 33.Bg4 f5 34.Bf3 Kh8 35.Rxa5 Bf6
36.Ra8+ Kg7 37.Bf8+ Kf7 38.Bd5 Re3 39.Bh6 Bg7 40.Bxg7 Kxg7 41.Bxe6  1-0

[Event "16th HZ Open"]
[Site "Vlissingen NED"]
[Date "2012.08.09"]
[Round "7"]
[White "Lommers,F"]
[Black "White,Mi"]
[Result "1-0"]
[WhiteElo "2148"]
[BlackElo "2346"]

1.Nf3 Nf6 2.c4 g6 3.Nc3 Bg7 4.e4 d6 5.d4 O-O 6.Be2 e5 7.d5 Na6 8.O-O Nc5
9.Nd2 a5 10.Rb1 Ne8 11.b3 f5 12.a3 Nf6 13.b4 axb4 14.axb4 Ncxe4 15.Ndxe4 Nxe4
16.Nxe4 fxe4 17.Be3 Qh4 18.Qd2 Bg4 19.Bxg4 Qxg4 20.Ra1 h5 21.c5 h4 22.h3 Qh5
23.b5 Bf6 24.b6 cxb6 25.c6 bxc6 26.dxc6 Be7 27.Rxa8 Rxa8 28.Qd5+ Kf8 29.f4 Kg7
30.fxe5 Rf8 31.Rxf8 Bxf8 32.c7 Qe2 33.Qd2 Qa6 34.exd6 Qa1+ 35.Qc1 Qe5 36.c8=Q Bxd6
37.Bh6+ Kf7 38.Qf1+ Ke7 39.Qff8+  1-0

[Event "II Brazil Maringa Open"]
[Site "Maringa BRA"]
[Date "2012.08.10"]
[Round "4.4"]
[White "Abdalla,L"]
[Black "Osipi,J"]
[Result "1/2-1/2"]
[WhiteElo "2338"]
[BlackElo "2204"]

1.d4 Nf6 2.c4 g6 3.Nc3 Bg7 4.e4 d6 5.Nf3 O-O 6.Be2 e5 7.O-O Nbd7 8.Qc2 c6
9.d5 c5 10.Bg5 h6 11.Bd2 Kh7 12.a3 a6 13.b4 b6 14.Rab1 Ng8 15.g3 Ne7 16.Nh4 Nf6
17.f3 Bd7 18.bxc5 dxc5 19.Na4 Bxa4 20.Qxa4 Ne8 21.Qb3 Nc8 22.Bc3 Ned6 23.Qb2 Qe7
24.a4 Rb8 25.Bd3 Re8 26.f4 f6 27.fxe5 fxe5 28.Qe2 Qd7 29.Nf3 Na7 30.Qb2 Qe7
31.Qa3 Qc7 32.Qa1 Qe7 33.Rf2 b5 34.axb5 axb5 35.Ra2 Rb7 36.cxb5 Naxb5 37.Bxb5 Nxb5
38.Bxe5 Bxe5 39.Qxe5 Qd7 40.Qf6 Rxe4 41.Ra8 Qg7 42.Qxg7+ Kxg7 43.Rc8 c4 44.Nd2 Rd4
45.Nxc4 Rxd5 46.Na5  1/2-1/2

[Event "II Brazil Maringa Open"]
[Site "Maringa BRA"]
[Date "2012.08.11"]
[Round "6.11"]
[White "Menna Barreto,F"]
[Black "Oliveira,F"]
[Result "1-0"]
[WhiteElo "2247"]
[BlackElo "2077"]

1.d4 g6 2.e4 Bg7 3.c4 d6 4.Nc3 Nf6 5.Nf3 O-O 6.Be2 e5 7.d5 a5 8.Bg5 h6 9.Bh4 g5
10.Bg3 Ne8 11.h4 f5 12.hxg5 hxg5 13.exf5 Bxf5 14.Qd2 Bf6 15.Bd3 Ng7 16.Ne4 g4
17.Nh4 Bxe4 18.Bxe4 Bg5 19.Qc2 Qf6 20.Qe2 Bf4 21.Qxg4 Bxg3 22.Qxg3 Qf4 23.Bh7+ Kxh7
24.Ng6+  1-0

[Event "II Brazil Maringa Open"]
[Site "Maringa BRA"]
[Date "2012.08.11"]
[Round "7.26"]
[White "Rapouso,Ricardo Luis Borba"]
[Black "De Andrade,O"]
[Result "1/2-1/2"]
[WhiteElo "1852"]
[BlackElo "2110"]

1.d4 Nf6 2.c4 g6 3.Nc3 Bg7 4.e4 d6 5.Be2 O-O 6.Nf3 e5 7.dxe5 dxe5 8.Qxd8 Rxd8
9.Bg5 c6 10.Nxe5 Re8 11.O-O-O Nxe4 12.Nxe4 Bxe5 13.Bf6 Bf4+ 14.Kb1 Bf5 15.f3 Nd7
16.Bc3 Nc5 17.Bd3 Bxe4 18.Bxe4 Be5 19.Bd4 Bxd4 20.Rxd4 a5 21.Kc2 Re7 22.Rhd1 f5
23.Bd3 Kf7 24.Bf1 Rae8 25.b3 Re3 26.h4 R8e7 27.Rd6 Re1 28.a3 Rxd1 29.Rxd1 Rd7
30.Re1 Ne6 31.Kc3 c5 32.Re5 Rd1 33.Bd3 Rg1 34.b4 axb4+ 35.axb4 b6 36.bxc5 bxc5
37.g4 Kf6 38.Rd5 fxg4 39.fxg4 Rxg4 40.h5 Rh4 41.hxg6 hxg6 42.Kd2 Rh5 43.Rd6 Re5
44.Bf1 Re4 45.Rc6 Rh4 46.Ke3 Ke5 47.Rc8 g5 48.Re8 Re4+ 49.Kf3 Rf4+ 50.Kg2 Rf6
51.Be2 Rf8 52.Rxf8 Nxf8 53.Kg3 Ne6 54.Bh5 Nf4 55.Bf7 Kf6 56.Be8 Nd3 57.Bb5 Ne5
58.Ba6 Kf5 59.Bc8+ Ke4 60.Be6 Ke3 61.Bg8 Nd3 62.Be6 Nf4 63.Bc8 Ke4 64.Ba6 Ke5
65.Bc8 g4 66.Bb7 Kf5 67.Bc8+ Kg5 68.Bb7 Nh5+ 69.Kf2 Kf4 70.Bc6 Ng3 71.Kg2 Nf5
72.Kf2 g3+ 73.Ke1 Ne3 74.Bb5 Nc2+ 75.Kf1 Kf3 76.Bc6+ Kf4 77.Bb5 Ne3+ 78.Ke2 Nf5
79.Bd7 Nd6 80.Be6 Nf5 81.Kf1 Ng7 82.Bd5 Kg4 83.Kg2 Kf4 84.Bc6 Ne6 85.Bb7  1/2-1/2

[Event "II Brazil Maringa Open"]
[Site "Maringa BRA"]
[Date "2012.08.12"]
[Round "8.8"]
[White "Menna Barreto,F"]
[Black "Osipi,J"]
[Result "1/2-1/2"]
[WhiteElo "2247"]
[BlackElo "2204"]

1.d4 Nf6 2.Nf3 g6 3.c4 Bg7 4.Nc3 O-O 5.e4 d6 6.Be2 Nbd7 7.O-O e5 8.d5 Nc5
9.Bg5 h6 10.Bxf6 Bxf6 11.b4 Nd7 12.Qc2 Bg7 13.Bd3 Nf6 14.c5 Qe7 15.Nb5 Ne8
16.Rac1 Bf6 17.a4 a6 18.Na3 Bd7 19.cxd6 cxd6 20.Nc4 Rc8 21.Qa2 Bg5 22.Rc2 Bg4
23.Nxg5 Qxg5 24.Ne3 Rxc2 25.Qxc2 Bd7 26.a5 f5 27.exf5 gxf5 28.f4 exf4 29.Nc4 Bb5
30.Nd2 Nc7 31.Nf3 Qg7 32.Bxb5 Nxb5 33.Qd2 Nc3 34.Rc1 Ne4 35.Qxf4 Kh7 36.g3 Rf7
37.Rc8 Qa1+ 38.Qc1 Qa2 39.Qd1 Qf2+ 40.Kh1 Qe3 41.Kg2 Qf2+ 42.Kh1 Qe3 43.Kg2 Qf2+  1/2-1/2

[Event "Manhem GM 2012"]
[Site "Gothenburg SWE"]
[Date "2012.08.13"]
[Round "4"]
[White "Kockum,A"]
[Black "Nithander,V"]
[Result "1-0"]
[WhiteElo "2329"]
[BlackElo "2438"]

1.d4 Nf6 2.Nf3 g6 3.c4 Bg7 4.Nc3 O-O 5.e4 d6 6.Be2 e5 7.O-O exd4 8.Nxd4 Re8
9.f3 Nh5 10.g4 Nf6 11.Be3 h5 12.g5 Nfd7 13.Qd2 Nc6 14.Nxc6 bxc6 15.f4 Qe7
16.Bd4 Bxd4+ 17.Qxd4 Nc5 18.Bf3 Bh3 19.Rfe1 Rab8 20.b3 Ne6 21.Qe3 f6 22.e5 fxe5
23.Ne4 exf4 24.Qc3 Qg7 25.Nf6+ Kh8 26.Bxc6 Rf8 27.Rxe6 Bxe6 28.Re1 Bf5 29.Qd4 Rf7
30.Qxa7 Rbf8 31.Qd4 Bd7 32.Bxd7 Rxd7 33.Re6 f3 34.Qe3 d5 35.cxd5 Rxd5 36.Kf2 Rdd8
37.a4 c6 38.Re7 Rf7 39.Re8+ Rxe8 40.Qxe8+ Qf8 41.Qxc6 Qb8 42.Qxf3 Rc7 43.Ne4 Rc2+
44.Kf1 Rc1+ 45.Kg2 Rc2+ 46.Nf2 Qd6 47.b4 Qc6 48.Qxc6 Rxc6 49.Nd3 Rc3 50.Ne5 Rc2+
51.Kg3 Rc3+ 52.Kf4 Kg7 53.a5 Ra3 54.Nc6 Kf7 55.Ke5 Re3+ 56.Kd6 Rh3 57.a6 Rxh2
58.a7 Ra2 59.Na5  1-0

[Event "Stare Mesto Open 2012"]
[Site "Stare Mesto CZE"]
[Date "2012.08.13"]
[Round "5.6"]
[White "Lechtynsky,J"]
[Black "Mareckova,M"]
[Result "1-0"]
[WhiteElo "2379"]
[BlackElo "2089"]

1.Nf3 Nf6 2.c4 g6 3.d4 Bg7 4.Nc3 d6 5.e4 O-O 6.Be2 e5 7.Be3 Nc6 8.d5 Ne7
9.Nd2 Ne8 10.b4 f5 11.f3 a5 12.bxa5 Rxa5 13.a4 b6 14.O-O h5 15.Nb3 Ra8 16.a5 bxa5
17.c5 f4 18.Bf2 dxc5 19.Nxa5 Nd6 20.Bxc5 g5 21.h3 Ng6 22.Nc6 Rxa1 23.Qxa1 Qf6
24.Qa7 Rf7 25.Qb8 Kh7 26.Bxd6 Qxd6 27.Qxc8 Qc5+ 28.Kh1 Qxc3 29.Nd8 Rf8 30.Qd7 Rxd8
31.Qxd8 Kh6 32.Qa8 Nh4 33.Qc6+ Qxc6 34.dxc6 Ng6 35.Rd1 Bf8 36.Rd7 Bd6 37.Rxd6 cxd6
38.c7 Ne7 39.Ba6 Kg7 40.Kg1 Kf8 41.c8=Q+  1-0

[Event "16th Izmailov Mem"]
[Site "Tomsk RUS"]
[Date "2012.08.13"]
[Round "7.7"]
[White "Gutov,A"]
[Black "Karimov,I"]
[Result "0-1"]
[WhiteElo "2413"]
[BlackElo "2347"]

1.d4 Nf6 2.c4 g6 3.Nc3 Bg7 4.e4 d6 5.Nf3 O-O 6.Be2 Nbd7 7.O-O e5 8.d5 Nc5
9.Qc2 a5 10.Bg5 h6 11.Be3 Nh5 12.g3 Bh3 13.Rfd1 Na6 14.a3 f5 15.exf5 Bxf5
16.Qd2 Kh7 17.Nh4 Nf4 18.Bf1 Bg4 19.f3 Bh5 20.Bg2 Nxg2 21.Kxg2 Bf6 22.Bxh6 Rf7
23.g4 Bxh4 24.Ne4 Nc5 25.Ng5+ Bxg5 26.Bxg5 Qd7 27.gxh5 Qf5 28.Qe3 gxh5 29.h4 Qc2+
30.Rd2 Qxc4 31.Rf1 Raf8 32.Rff2 a4 33.Rd1 b5 34.Rdd2 e4 35.f4 Nd3 36.Qe2 Nxf4+
37.Bxf4 Qxe2  0-1

[Event "Husek Vienna Open A"]
[Site "Vienna AUT"]
[Date "2012.08.13"]
[Round "1"]
[White "Koller,Hans-Juergen"]
[Black "Kovalev,An"]
[Result "0-1"]
[WhiteElo "2083"]
[BlackElo "2470"]

1.d4 Nf6 2.c4 d6 3.Nf3 g6 4.Nc3 Bg7 5.e4 O-O 6.Be2 Nbd7 7.O-O e5 8.d5 Nc5
9.Qc2 a5 10.b3 Nh5 11.a3 f5 12.Bg5 Qe8 13.Nd2 Nf4 14.f3 Bd7 15.Bh4 Bh6 16.Rab1 b5
17.cxb5 Nxe2+ 18.Nxe2 Bxb5 19.Nc4 a4 20.b4 Nb3 21.Rfd1 fxe4 22.Qxe4 Qc8 23.Rb2 Qa6
24.Rc2 Nd2 25.Rdxd2 Bxd2 26.Nxd2 Bxe2 27.Rc6 Qb5 28.Nb1 Rf4 29.Qe3 Qd3  0-1

[Event "2nd Metropolitan International"]
[Site "Los Angeles USA"]
[Date "2012.08.14"]
[Round "1"]
[White "Yanayt,E"]
[Black "Bojkov,D"]
[Result "0-1"]
[WhiteElo "2266"]
[BlackElo "2556"]

1.d4 Nf6 2.c4 g6 3.Nc3 Bg7 4.e4 d6 5.Nf3 O-O 6.Be2 e5 7.O-O exd4 8.Nxd4 Re8
9.f3 c6 10.Kh1 Nbd7 11.Bg5 Qb6 12.Nb3 a5 13.Qd2 a4 14.Be3 Qd8 15.Nd4 Nh5
16.Rfd1 Qh4 17.Qe1 Qxe1+ 18.Rxe1 f5 19.Bf2 Nc5 20.exf5 gxf5 21.Bf1 Bd7 22.Rxe8+ Rxe8
23.Rd1 f4 24.Nc2 Bf5 25.Rxd6 Bxc2 26.Rd2 a3 27.Rxc2 axb2 28.Nb1 Na4 29.Rd2 Nc3
30.Nxc3 Bxc3 31.Rd1 Kg7 32.c5 Nf6 33.Kg1 Rd8 34.Rb1 Rd2 35.g3 Nd5 36.Bc4 Bf6
37.Bxd5 cxd5 38.gxf4 Rc2  0-1

[Event "25th Panevezys Open"]
[Site "Panevezys LTU"]
[Date "2012.08.14"]
[Round "2.6"]
[White "Petrovskis,Olegs"]
[Black "Marutkins,O"]
[Result "1/2-1/2"]
[WhiteElo "1906"]
[BlackElo "2021"]

1.d4 Nf6 2.c4 g6 3.Nc3 Bg7 4.e4 O-O 5.Nf3 d6 6.Be2 e5 7.dxe5 dxe5 8.Qxd8 Rxd8
9.Bg5 Re8 10.Nd5 Nxd5 11.cxd5 f5 12.exf5 e4 13.Nd2 gxf5 14.Rb1 Nd7 15.Nc4 Nb6
16.Nxb6 axb6 17.Bc4 Kh8 18.g3 Be5 19.Be3 Bd7 20.a3 b5 21.Be2 Kg7 22.O-O b4
23.axb4 Ra2 24.Rfc1 Rc8 25.Bf4 Bxf4 26.gxf4 Ra4 27.b5 Rb4 28.Rc5 b6 29.Rc2 Bxb5
30.Bxb5 Rxb5 31.Rbc1 Rxd5 32.Rxc7+  1/2-1/2

[Event "25th Panevezys Open"]
[Site "Panevezys LTU"]
[Date "2012.08.14"]
[Round "3.4"]
[White "Velioniskis,R"]
[Black "Paulauskaite,G"]
[Result "1-0"]
[WhiteElo "1948"]
[BlackElo "2053"]

1.d4 Nf6 2.c4 g6 3.Nc3 Bg7 4.e4 d6 5.Be2 O-O 6.Nf3 Na6 7.O-O e5 8.d5 Nc5
9.Qc2 a5 10.Ne1 Qe7 11.Be3 Ng4 12.Bxg4 Bxg4 13.Nd3 Nxd3 14.Qxd3 f5 15.f3 Bh5
16.Rac1 f4 17.Bf2 g5 18.h3 Be8 19.Nb5 h5 20.c5 Rf7 21.cxd6 Bxb5 22.Qxb5 cxd6
23.Bb6 g4 24.Rc7 Qf6 25.hxg4 hxg4 26.fxg4 Raf8 27.Rxf7 Rxf7 28.Qe8+ Bf8 29.Qe6 Qxe6
30.dxe6 Rg7 31.g5 Be7 32.Rc1 Bxg5 33.Rc8+ Kh7 34.Bd8 Kg6 35.Bxa5 Be7 36.Rc7 Kf6
37.Kf1 b5 38.Be1 Rh7 39.Rb7 Rh1+ 40.Ke2 Kxe6 41.Bf2 Bd8 42.Rxb5 Bh4 43.Bxh4 Rxh4
44.a4 Rh1 45.Rb3 Ra1 46.Ra3 Rb1 47.Ra2 Kd7 48.a5 Kc7 49.a6 Kb8 50.Kd3 Rd1+
51.Kc3 Rd4 52.b4 Rxe4 53.b5 d5 54.b6 Rc4+ 55.Kb3 Rc8 56.Ra5 Rd8 57.Rc5 Rd6
58.a7+ Kb7 59.Rc7+ Kxb6 60.a8=Q Kxc7 61.Qe8 Rb6+ 62.Kc3 Rc6+ 63.Kd2 Kd6 64.Qf8+ Ke6
65.Qh6+ Kd7 66.Qg7+ Kd6 67.Qf6+ Kc5 68.Qxe5 Ra6 69.Qc3+ Kb5 70.Qd3+ Kb6 71.Qxd5 Kc7
72.Qe5+ Rd6+ 73.Kc3  1-0

[Event "Prva liga RS seniori 2012"]
[Site "Banja Vrucica SRB"]
[Date "2012.08.15"]
[Round "5"]
[White "Spasenovic,Z"]
[Black "Simic,Ze"]
[Result "1-0"]
[WhiteElo "2143"]
[BlackElo "2302"]

1.d4 d6 2.c4 Nf6 3.Nc3 g6 4.e4 Bg7 5.Be2 O-O 6.Nf3 e5 7.dxe5 dxe5 8.Qxd8 Rxd8
9.Bg5 c6 10.Nxe5 Re8 11.O-O-O h6 12.Bf4 Na6 13.Rhe1 Nc5 14.b4 Ncxe4 15.Nxe4 Nxe4
16.Bf3 Nc3 17.Rd2 g5 18.Bg3 g4 19.Bd1 Bf5 20.f3 h5 21.Bf4 f6 22.Nd3 Nxa2+
23.Rxa2 Bxd3 24.Rxe8+ Rxe8 25.Rxa7 f5 26.c5 Re7 27.Bd6 Bh6+ 28.f4 Rd7 29.Bb3+ Kh7
30.Be6 Rg7 31.Kd2 Be4 32.g3 Kg6 33.Bc8 Rg8 34.Bd7 Bg7 35.Rxb7 Ra8 36.Be5 Bxe5
37.fxe5 h4 38.Bxc6 Ra2+ 39.Ke3 Bxc6 40.Rb6 Rxh2 41.Rxc6+ Kg5 42.gxh4+ Rxh4
43.Rc8 Rh3+ 44.Kd4 Rb3 45.Rg8+ Kf4 46.e6 Rxb4+ 47.Kd5  1-0

[Event "Stare Mesto Open 2012"]
[Site "Stare Mesto CZE"]
[Date "2012.08.15"]
[Round "7.16"]
[White "Dungl,M"]
[Black "Splichal,S"]
[Result "1-0"]
[WhiteElo "1991"]
[BlackElo "2128"]

1.Nf3 Nf6 2.d4 g6 3.c4 Bg7 4.Nc3 O-O 5.e4 d6 6.Be2 Na6 7.O-O e5 8.Be3 Ng4
9.Bg5 Qe8 10.h3 exd4 11.Nd5 h6 12.Be7 c6 13.Bxf8 Kxf8 14.hxg4 cxd5 15.exd5 Bxg4
16.Nxd4 Bxe2 17.Nxe2 Qe4 18.Rc1 Bxb2 19.Qc2 Qxc2 20.Rxc2 Bf6 21.Ng3 Nc5 22.Re1 Be5
23.Ne4 Nd3 24.Rd1 Nb4 25.Re2 Rc8 26.c5 dxc5 27.a3 Na6 28.Nxc5 Nxc5 29.Rxe5 Nd7
30.Re3 Rc2 31.d6 Rc6 32.Re7 Rxd6 33.Rxd7  1-0

[Event "Husek Vienna Open A"]
[Site "Vienna AUT"]
[Date "2012.08.15"]
[Round "3"]
[White "Rau,H"]
[Black "Beckhuis,G"]
[Result "1-0"]
[WhiteElo "2447"]
[BlackElo "2288"]

1.d4 Nf6 2.c4 g6 3.Nc3 Bg7 4.e4 d6 5.Nf3 O-O 6.Be2 e5 7.d5 a5 8.h3 Na6 9.Bg5 Nc5
10.Nd2 c6 11.Nb3 Nxb3 12.axb3 Bd7 13.Qd2 Qb6 14.Ra3 cxd5 15.Bxf6 Bxf6 16.Nxd5 Qd8
17.Nxf6+ Qxf6 18.O-O Bc6 19.Bf3 Rfd8 20.b4 b6 21.Rd1 Qf4 22.Qxf4 exf4 23.b5 Bb7
24.Rad3 Rdc8 25.Rd4 Rab8 26.Be2 Re8 27.f3 f5 28.Rxd6 Ba8 29.c5 bxc5 30.Bc4+ Kh8
31.exf5 gxf5 32.Rf6 Rf8 33.Rxf8+ Rxf8 34.Rd7 Re8 35.Kh2 Rb8 36.h4 Bb7 37.Rc7 Bc8
38.b3 h6 39.b6 Bb7  1-0